Journal of African law

Detalles Bibliográficos
Autor Corporativo: University of London. School of Oriental and African Studies
Formato: Electrónico Revista
Lenguaje:inglés
Publicado: London : Butterworth & Co. Publishers, 1957-
Materias:
Acceso en línea:Full text available from Research Library: 04/01/2001 to 1 year ago

MARC

LEADER 00000nas a2200000 a 4500
001 ssj0019530
003 WaSeSS
005 20200512172242.0
006 m d
007 cr n
008 990727c19579999enkfr pss g 0 0eng c
010 |a  00238473  
016 7 |a 1479767-7  |2 DE-600 
022 |a 1464-3731  |l 0021-8553  |y 0021-8553 
035 |a (WaSeSS)ssj0019530 
037 |b Oxford University Press, Journals Marketing, Great Clarendon Street, Oxford, OX2 6DP, UK 
040 |a OUN  |b eng  |c OUN  |d OCL  |d F#A  |d IUL  |d OCLCQ  |d DLC  |d OCLCQ  |d EYM  |d OCLCQ  |d MUQ  |d UQ1  |d OCLCQ  |d OCLCO  |d OCLCQ  |d OCLCF  |d OCLCO  |d EUW  |d OCLCQ  |d DEBBG  |d OCLCA  |d GILDS  |d OCLCO  |d VT2  |d UUM  |d WaSeSS 
042 |a pcc 
043 |a f------ 
050 1 4 |a K10 
082 0 4 |a 349.6 
130 0 |a Journal of African law (Online) 
245 1 0 |a Journal of African law  |h [electronic resource]. 
246 1 |i Title on Oxford volume contents screen:  |a Journal of African law -online services 
260 |a London :  |b Butterworth & Co. Publishers,  |c 1957- 
310 |a Semiannual,  |b spring 1974- 
321 |a Three no. a year,  |b spring 1957-autumn 1973 
362 0 |a Vol. 1, no. 1 (spring 1957)- 
500 |a Title from title screen (JSTOR, viewed Feb. 11, 2004). 
500 |a Imprint varies: School of Oriental and African Studies, University of London, spring 1974-autumn 1993; Oxford, UK : Oxford University Press for the School of Oriental and African Studies, University of London, 1994- 
506 |a License restrictions may limit access. 
538 |a Mode of access: World Wide Web. 
550 |a Print version issued by: School of Oriental and African Studies, University of London. 
588 |a Latest issue consulted: Vol. 43, issue 2 (1999) (OUP, viewed June 2, 2000). 
650 0 |a Law  |z Africa  |v Periodicals. 
650 6 |a Droit  |z Afrique  |v Périodiques. 
650 7 |a Law.  |2 fast  |0 (OCoLC)fst00993678 
650 7 |a Droit.  |2 rasuqam 
651 7 |a Africa.  |2 fast  |0 (OCoLC)fst01239509 
651 7 |a Afrique.  |2 rasuqam 
655 0 |a Electronic journals. 
710 2 |a University of London.  |b School of Oriental and African Studies. 
776 1 |t Journal of African law  |x 0021-8553  |w (DLC)sf 80000721  |w (OCoLC)1754418 
856 4 0 |z Full text available from Research Library: 04/01/2001 to 1 year ago  |u https://search.proquest.com/publication/33327